[Event "78th Tata Steel Masters"]
[Site "Wijk aan Zee NED"]
[Date "2016.01.16"]
[Round "1"]
[White "Caruana, Fabiano"]
[Black "Eljanov, Pavel"]
[Result "1-0"]
[WhiteElo "2787"]
[BlackElo "2760"]
[EventDate "2016.??.??"]
[Annotator "Bojkov,Dejan"]
[PlyCount "75"]
[Beauty "7836973137928"]
[EventType "game"]
[EventCountry "NED"]
[WhiteClock "0:03:18"]
[BlackClock "0:01:00"]

1.Nf3 d5 2.c4 e6 3.d4 Nf6 4.Nc3 dxc4 {Caruana was a bit surprised by this capture. "I do not think he had ever played this way."} 5.e4 Bb4 6.Bxc4 {A topical pawn sacrifice in the Vienna variation. The main line goes} ( 6.Bg5 c5 7.Bxc4 cxd4 8.Nxd4 Bxc3+ 9.bxc3 Qa5 {which leads to huge complications, heavily explored by both men and machines. The result of this co-operation- most often a draw.} 10.Bb5+ Nbd7 11.Bxf6 Qxc3+ 12.Kf1 gxf6 13.h4 a6 14.Rh3 Qb4 15.Be2 Ne5 16.Rb1 Qd6 {Giri,A (2773)-Aronian,L (2780) Stavanger 2015} ) 6...Nxe4 7.O-O Nf6 ( {The other aproach for Black is to try and delay 0-0 until he is certain in king's safety. One fresh example went} 7...Nxc3 8.bxc3 Bd6 ( 8...Bxc3 {looks too greedy, although Black held confidently after} 9.Rb1 c5 10.dxc5 Qxd1 11.Rxd1 Bf6 12.Bb5+ Bd7 13.Bxd7+ Nxd7 14.Rxb7 Nxc5 15.Rc7 Na6 16.Rb7 Nc5 17.Rc7 Na6 18.Rb7 Nc5 {1/2-1/2 (18) Chandra,A (2495)-Bodek,M (2425) Saint Louis 2015} ) 9.Bd3 Nd7 10.Qe2 Qe7 11.Re1 h6 12.c4 c5 13.d5 e5 14.Nd2 O-O 15.f4 f5 {with excellent prospect for Black in Korobov,A (2709) -Naiditsch,A (2689) Reykjavik 2015} ) 8.Bg5 O-O 9.Qe2 {Funnily, similar position without the c7 pawn will arise in plenty of lines- the QGA, Nimtzo-Indian and Panov attack in the Caro Kann. As a compensation for that pawn White has some extra tempoes though.} 9...h6 ( 9...Be7 {at once is also possible with the idea} 10.Rad1 Nbd7 11.Ne5 Nd5 {(Caruana)} ) 10.Bh4 Be7 11.Rad1 Nbd7 12.Ne5 Nb6 ( {In case of the immediate} 12...Nd5 {Caruana planned} 13.Nxd5 Bxh4 14.Nf4 Nxe5 15.dxe5 {with nice development and attacking possibilities.} ) 13.Bd3 Nfd5 {Just like in the lines where Black plays against the isolated pawns he is happy to trade as many pieces as possible.} 14.Bg3 Bd7 ( {A novelty in comparison to the risky} 14...f5 15.h3 Bd6 16.Rfe1 Qg5 17.Qf3 Nf6 18.Bf4 {with strong pressure for White, Mamedyarov,S (2719)-Kramnik,V (2772) Moscow 2009} ) 15.Ne4 {Slightly provocative move.} ( 15.Qe4 $2 f5 16.Qf3 f4 ) 15...Ba4 $1 {And a provocative answer in return. Eljanov wants to kick the rook away from the "d" file or to provoke the weakening b2-b3 move.} ( {Black cannot win a piece after} 15...f5 $2 16.Nc5 f4 17.Nexd7 ) 16.Rc1 ( 16.b3 Be8 {with the threat f7-f5 and Nd5-c3 is annoying.} ) 16...Nd7 $1 {The knight was doing nothing on b6 plus you remember that the second player wants to trade pieces, do not you?} 17.b3 {At this stage of the game Caruana did not quite like his position.} ( 17.Nc5 Bxc5 18.dxc5 Nxe5 19.Bxe5 Bc6 {is not fully compensating for the pawn (Caruana)} ) 17...Nxe5 18.dxe5 Bc6 19.Rfd1 $6 ( 19.Bb1 $5 {with the idea to build battery on the b1-h7 diagonal seems more dangerous for Black. The ultimate goal is to weaken the black king} 19...Ba3 ( 19...a5 20.Qc2 ) 20.Rcd1 Qe7 21.Qc2 {when either g7-g6 or f7-f5 is forced now.} 21...Nb4 $4 22.Nf6+ gxf6 23.Qh7# ) 19...a5 {The effect of the provocation. Interestingly Caruana considers this a mistake as he is not getting a tempo after his next move.} ( {Instead the American GM suggested the immediate} 19...Qe8 {with the idea to meet} 20.h4 {with} 20...h5 21.Qxh5 ( {However, Caruana missed in his preliminary calculations the pretty sacrifice} 21.Nf6+ $1 gxf6 22.Qxh5 f5 23.Rc4 $3 {with the unstoppable Rc4-g4+ and mate.} ) 21...f5 22.Qxe8 Raxe8 {and Black is good.} ) 20.a4 $1 {Naturally, Caruana does not want to allow any counter-play on the queenside. In the future he wants to swing his rook along the fourth rank for kingside attack with Rc1-c4-(g4) and he is happy that Black has no Bc6-b5 resource.} 20...Qe8 21.h4 ( {In case of} 21.Nf6+ {Eljanov has a pleasant choice of playing on with} 21...Nxf6 ( {Black can accept the draw if he wishes} 21...gxf6 22.Qg4+ Kh8 23.Qh3 Kg7 ) 22.exf6 Bxf6 23.Bxc7 ) 21...Rd8 22.h5 ( 22.Nf6+ Nxf6 23.exf6 Bxf6 24.Bxc7 Rd5 ) 22...Nb4 $1 {Clears the road for the rook and takes away the c2 and d3 squares for the battery.} 23.Bb1 Kh8 {Not a bad move but there was a better one! After great defense Eljanov starts to play over cautiously and this will finally lead him to real problem. The king stepped away from the check on f6 and this is useful, but it was far more useful to regroup with} ( 23...Rxd1+ 24.Rxd1 Qa8 $1 {followed by Rf8-d8 and b7-b6. Black's position will be clearly better in this case.} ( {Now instead of the suggested move by Caruana} 24...Bd5 {which might lead indeed to a forced draw after} 25.Nf6+ gxf6 26.Qg4+ Kh8 27.Qf4 Kg7 ( {But not} 27...f5 28.Qxh6+ Kg8 29.Rd4 $1 {with the familiar checkmate after Rd4-g4!} ) 28.Qg4+ Kh8 ) ) 24.Bf4 {With the idea to sacrifice on h6.} 24...Rg8 25.Bd2 Rd5 $6 {Innacuracy.} ( {In case of} 25...Rd4 {Caruana planned} 26.Bc3 ( {Not} 26.Bxb4 Rxb4 ) 26...Rxd1+ 27.Rxd1 Nd5 28.Bxa5 f5 29.exf6 gxf6 {with unclear play.} ) ( 25...Qf8 $5 {would be a good follow up of Black's kingside regroupment.} ) 26.Bxb4 axb4 ( {White believed} 26...Rxd1+ {is a bit more accurate} 27.Rxd1 axb4 28.Qd3 g6 ( 28...f5 {is better} ) 29.Qe3 ( 29.Nf6 $5 Bxf6 30.exf6 ) 29...Qf8 {Althogh it seems as he missed the strong move} 30.Nf6 $1 {with clear edge for White.} ) 27.Rxd5 exd5 ( 27...Bxd5 28.Qc2 $1 {is strong for White. For example} 28...Bxe4 29.Qxe4 g6 30.Qxb7 ) 28.Ng3 {"This is positionally very desirable for me" (Caruana)} 28...Bg5 29.Re1 g6 30.Qg4 ( 30.hxg6 fxg6 31.e6 {was unclear.} ) 30...Qe7 {Perhaps Eljanov had to give the pawn back-} ( 30...Qe6 31.Qxb4 ) 31.Qd4 $1 {An excellent spot for the queen.} 31...b6 {The losing move.} ( {White is better after} 31...Rg7 32.e6 $1 ( 32.hxg6 fxg6 33.Ne2 $1 {with the idea f2-f4.} ) 32...fxe6 33.hxg6 {when the black king is not safe enough.} ) ( {But it was not too late for} 31...Qe6 ) 32.e6+ Bf6 ( 32...Kh7 33.Nf5 $1 {is brutal.} ) ( {In case of} 32...Rg7 {White has the fabulous sacrifice which owuld make Mr Afek happy} 33.exf7 $3 Qxe1+ 34.Kh2 Qe7 35.hxg6 Bf6 36.Nf5 Bxd4 37.Nxe7 {and this is perhaps the line that Caruana saw during the game and which he could not remember at the press conference...} ) 33.Qf4 g5 ( 33...Kg7 34.hxg6 fxg6 35.Bxg6 Kxg6 36.Qf5+ Kg7 37.Nh5+ {is another pretty finish.} ) 34.Qf5 Rg7 35.Qc2 Qc5 36.Qxc5 bxc5 37.Nf5 Rg8 ( 37...Bc3 38.Re2 {changes nothing.} 38...Rg8 39.exf7 Rf8 40.Re6 {with lethal threats.} ) 38.exf7 1-0

[Event "Z&uuml;rich Chess Challenge 2016"]
[Site "?"]
[Date "2016.02.13"]
[Round "1.3"]
[White "Anand, Viswanathan"]
[Black "Aronian, Levon"]
[Result "1-0"]
[WhiteElo "2784"]
[BlackElo "2792"]
[EventDate "2016.??.??"]
[Annotator "Bojkov,Dejan"]
[PlyCount "37"]
[Beauty "8246609587721"]
[EventType "game"]
[WhiteClock "0:28:15"]
[BlackClock "0:23:36"]

1.e4 e5 2.Nf3 Nc6 3.Bb5 Nf6 4.Nc3 {One more way to avoid the Berlin- just get into the Four Knights.} 4...Bd6 {A fighting move. Aronian avoids the heavily explored lines after} ( 4...Bb4 ) ( {Or} 4...Nd4 {which both have somewhat drawish reputation.} ) 5.O-O O-O 6.d3 Re8 {One of Black's plans is to transfer the knight to g6 and go for regroupment with c7-c6 and Bd6-c7. The immediate} ( 6...Ne7 {however allows the highly entertaining} 7.Nxe5 Bxe5 8.d4 d6 9.dxe5 dxe5 10.Be3 {with advantage for White in Michiels,B (2462) -Stefanova,A (2527) Antwerp 2009} ) 7.a3 h6 8.Bc4 Bc5 9.Be3 Bxe3 ( 9...d6 {looks more solid.} ) 10.fxe3 {Now that the "f" file has been opened White's plan is crystal-clear- Nf3-h4-f5 followed by either Qd1-f3 or sometimes Qd1-e1-g3 and mate on the kingside.} 10...d6 11.Nh4 ( {Also good is} 11.Qe1 Ne7 12.Nh4 c6 13.Qg3 {with kingside attack in Bicho,N-Santos,A Aveiro 2003} ) 11...Be6 {This is Black's best bet but his position remains highly suspicious after Anand's reply.} ( {The only predecessor saw:} 11...Na5 $2 {White could have won with the beautiful} 12.Bxf7+ $3 Kxf7 13.Qh5+ Kg8 ( 13...Kf8 14.Rxf6+ Qxf6 ( 14...gxf6 15.Qxh6+ Kf7 16.Qh7+ Kf8 ( 16...Ke6 17.Nd5 Nc6 18.Nf5 {and Black is helpless.} ) 17.Ng6# ) 15.Rf1 ) 14.Rxf6 $1 gxf6 ( 14...Qxf6 15.Qxe8+ ) 15.Qg6+ Kf8 16.Qh7 Re6 17.Nf5 Ke8 18.Nd5 {and Black cannot parry the threat Nd5xc7+!} ) 12.Nf5 $1 {The knight on f5 is more important than any double pawns on the "c" file. There will be no endgame!} 12...Bxc4 ( {Or} 12...Bxf5 13.Rxf5 {when White proceeds with his kingside attack and the attempt to bring fresh defenders with} 13...Ne7 {fails to} 14.Rxf6 $1 gxf6 15.Qh5 Rf8 16.Qxh6 ) 13.dxc4 Kh7 14.Qf3 {The outcome of the opening battle is a failiure for Aronian. On the top of that he blunders.} 14...Nb8 $2 ( {Black is usually trying to bring a pawn on f6 in these positions. However} 14...Ng8 {will be strongly met with} 15.c5 $1 ( {It is too early for} 15.Nxg7 Kxg7 16.Qxf7+ Kh8 ) 15...dxc5 16.Rad1 {with clear edge for White after} 16...Qg5 17.Rd7 Qg6 18.Rxc7 ( {Or} 18.Nd5 ) ) 15.Nxh6 $1 {A deadly blow! It is highly unusual to see a top GM losing that quickly, albeit in a rapid game.} 15...Kxh6 ( {Or} 15...gxh6 16.Qxf6 Qxf6 17.Rxf6 {with certain loss in the endgame.} ) 16.Qh3+ Kg6 ( {Since} 16...Nh5 {loses to both} 17.g4 ( {And} 17.Rxf7 {is very convincing too.} ) 17...g6 18.gxh5 ) 17.Rf3 Nh5 18.Rf5 $1 {The last touch.} 18...Nf6 ( 18...Rh8 19.Qg4+ Kh6 20.Rxh5# ) 19.Qh4 {Aronian resigned just a move before the mate.} 1-0

[Event "WGP 2016"]
[Site "Tehran IRI"]
[Date "2016.02.12"]
[Round "2"]
[White "Gunina, Valentina"]
[Black "Dzagnidze, Nana"]
[Result "0-1"]
[WhiteElo "2496"]
[BlackElo "2529"]
[EventDate "2016.02.10"]
[Annotator "Bojkov,Dejan"]
[PlyCount "76"]
[Beauty "7770132709917"]
[EventType "game"]
[EventCountry "IRI"]

1.d4 Nf6 2.c4 e6 3.Nf3 d5 4.Nc3 dxc4 5.e4 Bb4 6.Bg5 {The main line of the Vienna variation.} ( {Caruana sacrificed a pawn against Eljanov in Wijk an Zee with} 6.Bxc4 {instead, but later complained that he did not get enough compensation.} ) 6...c5 7.Bxc4 cxd4 8.Nxd4 Bxc3+ 9.bxc3 Qa5 10.Bxf6 Qxc3+ 11.Kf1 gxf6 12.Rc1 Qa5 13.h4 {All of this had been played many times before. For the pawn, White gets a development advantage, and the black king feels a bit nervous in the middle of the board. This last move is designed to bring the h1 rook into the game.} 13...Bd7 {Quick development.} ( {Gustafsson chose instead} 13...Ke7 {in a blitz game, but this seems somewhat depressing after} 14.Rh3 Nc6 15.Nxc6+ bxc6 16.Rd3 Rd8 17.Rxd8 Qxd8 18.Qb3 ( 18.Qf3 $5 ) 18...Qd6 19.Rd1 {Sasikiran,K (2654)-Gustafsson,J (2572) playchess.com INT 2004} ) 14.Rh3 Nc6 15.Nb5 {Gunina immediately uses the hole on d6. For an excellent attacking player like her, this might have felt very good.} 15...Ne5 16.Nd6+ Ke7 17.Nxb7 Qb6 {The point behind Dzagnidze's play. There are some issues now with the white knight.} 18.Rb3 {Both players follow the game Dreev-Horvath. Perhaps it made sense for White to defend the knight with the other rook.} ( 18.Rb1 Qc6 19.Be2 {thus not letting a chance to Black to swap off the queens.} ) 18...Ba4 {Now Black trades the queens and is no longer afraid of the insecure position of her king.} 19.Rxb6 Bxd1 20.Rbb1 Rhc8 {The novelty. Dreev got the upper hand after} ( 20...Ba4 21.Ba6 Bd7 22.Nc5 Rab8 23.f4 Nc6 24.Nxd7 $1 Kxd7 25.Bb5 {thanks to this nasty pin, Dreev,A (2495)-Horvath,C (2390) Arnhem 1988} ) 21.Na5 {The point behind Dzagnidze's idea is seen in the line:} ( 21.Nd6 Rcb8 ( {Better than the straightforward} 21...Kxd6 22.Rxd1+ Ke7 23.Rb7+ Kf8 24.Bb3 {which is advantageous for White.} ) 22.Rxb8 Rxb8 23.Rxd1 Rd8 24.Nf5+ exf5 25.Rxd8 Kxd8 26.Bd5 fxe4 ( 26...f4 ) 27.Bxe4 h6 {and although White is still better, Black should hold.} ) 21...Ba4 {Now Black has no problems whatsoever and the next active attempt suddenly leads to problems for White.} 22.Rb7+ $2 Kf8 {The power of the pin is multiplied by the lack of defense for the Rc1. The threat is Rc8-c5 followed by doubling of the rooks when the bishop will drop.} 23.f4 Nd3 24.Rc3 Nc5 $1 {Probably this is the move that Gunina missed. Instead, the obvious} ( 24...Nxf4 {may lead Black to trouble after} 25.Rf3 Nh5 26.g4 Ng7 ( {Black's best chance is} 26...Bc2 27.Rb2 Bd1 28.Be2 Bxe2+ 29.Kxe2 Ng7 30.Rxf6 {which is only slightly better for White.} ) 27.Rxf6 Be8 {and White dominates.} ) 25.Rb2 Nxe4 {Now a more important pawn has been netted and Dzagnidze is in control.} 26.Ra3 Be8 27.Bd3 Rc1+ 28.Ke2 f5 29.Nb3 Rc3 30.Ra5 Nf6 31.Nc5 Rc8 32.Nb7 {Allows one more pin. More resilent was} ( 32.Rc2 Rxc2+ 33.Bxc2 {Although here Black has the spectacular} 33...a6 $1 34.Bd3 Bb5 $1 35.Bxb5 Rxc5 {with another deadly pin.} ) 32...Rb8 ( 32...Bc6 $5 ) 33.Rxa7 Nd5 34.g3 Rc7 ( 34...Ne7 {was good enough to win material as well.} ) 35.Kd2 Ne7 $1 {It is over. The defenders will not hold their positions.} 36.g4 fxg4 37.Be4 f5 38.Bc2 Nc6 0-1

[Event "5th Zurich CC 2016"]
[Site "Zürich SUI"]
[Date "2016.02.14"]
[Round "3"]
[White "Nakamura, Hikaru"]
[Black "Kramnik, Vladimir"]
[Result "1/2-1/2"]
[WhiteElo "2787"]
[BlackElo "2801"]
[EventDate "2016.02.12"]
[Annotator "Bojkov,Dejan"]
[PlyCount "145"]
[Beauty "4536693435400"]
[EventCountry "SUI"]

1.e4 e5 2.Nf3 Nc6 3.Bb5 Nf6 4.d3 Bc5 5.Bxc6 dxc6 6.Nbd2 Be6 ( {Karjakin defended differently a couple of weeks ago} 6...O-O 7.Nc4 Nd7 8.Qe2 Re8 9.Bd2 Bd6 10.h4 Nf8 11.h5 Ne6 {Caruana,F (2787)-Karjakin, S (2769) Wijk aan Zee 2016} ) 7.O-O Nd7 8.Nb3 Bb6 9.Ng5 Bxb3 10.axb3 f6 11.Nf3 Nc5 12.Nd2 O-O 13.Nc4 Ne6 14.Kh1 Qd7 15.Qg4 {Nakamura is not shy revealing one of his novelties in Zurich.} ( {White did not achieve much after} 15.g3 a6 16.f4 exf4 17.Nxb6 cxb6 18.gxf4 f5 19.Be3 c5 20.e5 Qd5+ 21.Qf3 Rfd8 {Zhang,X (2364)-Shen,Y (2460) Zhongshan 2015} ) 15...Rad8 16.Be3 Bd4 $1 17.Bxd4 ( 17.Na5 $5 ) 17...Nxd4 18.Qxd7 Rxd7 {After the trade of the queens Kramnik equalizes comfortably.} 19.Rxa7 Nxc2 20.Rxb7 Rxd3 21.h4 Nd4 22.b4 ( 22.Rxc7 Rf7 23.Rc8+ Rf8 ) 22...Ne6 {Now it is even Black who has slight edge.} 23.Rc1 Ra8 24.b5 cxb5 25.Rxb5 Rad8 26.f3 h5 27.Kh2 Nf4 28.Rc5 R8d7 29.Na3 $2 {A blunder which puts Nakamura on the verge of defeat.} ( 29.Ra1 ) 29...Rd2 {Simply wins a pawn. In this disatrous situation Nakamura shows masterly defensive skills.} 30.R1c2 $1 {The only move.} ( {If the other rooks drops back then} 30.R5c2 Nxg2 31.Rxd2 Rxd2 32.Rxc7 Nf4+ $1 {forces the white king on the first rank which is deadly for White} 33.Kg1 ( 33.Kg3 Rg2# ) 33...Rxb2 {White will soon lose the h4 pawn.} ) ( 30.Rg1 {should be another move that needs to be avoided as the extra pawn plus activity will definitely lead to won position for Black. Say} 30...Rxb2 31.Nc4 Re2 32.Ra5 Rd4 33.Rc5 Rc2 ) 30...Nxg2 31.Rxc7 Ne3+ ( 31...Ne1+ {is similar after} 32.Rxd2 Rxd2+ 33.Kg3 ( 33.Kh3 Nxf3 ) 33...Rg2+ 34.Kh3 Rxb2 35.Rc3 Ng2 ) 32.Rxd2 Rxd2+ 33.Kh3 {Once again, the only move. We know that the king cannot afford being cut along the second rank as White will soon lose the h4 pawn and if} ( 33.Kg3 $4 {then mate follows} 33...Nf1+ 34.Kh3 Rh2# ) 33...Rf2 ( 33...Rxb2 {at once is the other idea. Then after} 34.Rc1 {Black indeed wins (see the analysis below.) However, critical is the exchange sacrifice} ( 34.Nc4 $3 Rc2 35.Rxg7+ Kxg7 36.Nxe3 Re2 37.Nf5+ Kg6 38.Kg3 {which looks like a fortress to me. The pawn on h5 demands a defender all the time, thus Kramnik cannot unite the efforts of his pieces to grab the f3 pawn.} ) ) 34.Kg3 Rxb2 35.Rc1 f5 $6 {Amazingly, this let the win slip away. Correct was} ( 35...Rg2+ $1 {which transposes to the winning line from above after} 36.Kh3 Ra2 37.Rc3 ( 37.Nc4 Ng2 38.Rg1 Nf4+ 39.Kg3 Ne2+ ) 37...Ng2 38.Rc8+ Kh7 39.Nc2 Nf4+ 40.Kg3 Ne2+ 41.Kh3 {Then he has to improve the position of the king.} 41...Kg6 42.Rc5 Kf7 43.Rc7+ Ke6 44.Rc4 Kd7 45.Rc5 Kd6 ( 45...Rb2 46.Rc4 Rb3 47.Kg2 Nf4+ 48.Kg3 Rb2 49.Rc5 ) 46.Rc8 {Finally, the pawns should come} 46...g5 47.hxg5 fxg5 48.Rc4 Rb2 49.Rc8 Rb3 50.Kg2 Nf4+ 51.Kg3 g4 52.Ne1 Re3 53.Rd8+ Ke6 54.Rd1 Kf6 55.Kh4 gxf3 56.Kg3 h4+ 57.Kf2 ( 57.Kxh4 Rxe1 ) 57...Rxe4 {finally winning a second pawn and the game.} ) 36.Nc4 $1 {Nakamura knows that the knights are the main danger for him.} ( {But not} 36.exf5 Nxf5+ 37.Kh3 Rb3 {which will win a second pawn for Black.} ) 36...f4+ ( {The rook endgame is a draw} 36...Nxc4 37.Rxc4 f4+ 38.Kh3 Re2 ( 38...Rf2 39.Rc3 ) 39.Rc7 Re3 40.Kg2 ) 37.Kh3 Rf2 {Seems as Kramnik is winning but...} 38.Nxe5 $1 Nf1 39.Rxf1 Rxf1 40.Kg2 $1 {And White is just in time to net the f4 pawn} 40...Ra1 41.Ng6 Ra2+ 42.Kg1 {The king has to move to the back rank but that is only temporary.} ( 42.Kh3 $4 Rf2 {loses for White instead.} ) 42...Ra1+ 43.Kg2 Ra2+ 44.Kg1 Kf7 45.Nxf4 g6 46.Ng2 Kf6 47.Kh2 Ke5 48.Kg3 {The king is out and it is a fortress since the g6 pawn demands defense.} 48...Ra1 49.Nf4 Kd4 50.Kg2 ( 50.Nxg6 $4 Rg1+ ) 50...Ra2+ 51.Kg3 Ra1 52.Kg2 Ra8 53.Kf2 Ra6 54.Ne2+ Ke5 55.Kg3 Rf6 56.Kf2 Rf8 57.Kg3 Rf7 58.Kf2 Ra7 59.Kg3 Ra8 60.Nf4 Rg8 61.Ne2 g5 ( {Nothing changes} 61...Rf8 62.Nc3 Rh8 63.Nd5 {as the knight still reaches the f4 square.} ) 62.hxg5 Rxg5+ 63.Kh4 Rg2 64.Ng3 {There is just one last pawn left to the draw.} 64...Rh2+ 65.Kg5 h4 66.f4+ {Very accurate!} ( 66.Nf5 {should also draw, but why to let the black king in after} 66...h3 67.Kg4 Rd2 68.Kxh3 Kf4 69.Ng3 Kxf3 70.e5 ) 66...Ke6 67.Nf5 h3 68.Kg4 Rh1 69.Ng3 Rh2 70.e5 Rf2 71.Ne4 {Once again the most accurate move although} ( 71.Kxh3 Rxf4 72.Ne2 Ra4 73.Kg3 {is a draw as well.} ) 71...Rg2+ 72.Kxh3 {A draw agreed due to} 72...Rg1 73.Ng3 1/2-1/2